Konsolidovaná účtovná závierka účtovných jednotiek verejnej a ústrednej správy za rok 2010 a súhrnná účtovná závierka

Vymedzenie konsolidovanej účtovnej závierky v podmienkach verejnej správy podľa zákona o účtovníctve. Metódy a postupy konsolidácie.

Guardado en:
Detalles Bibliográficos
Autor principal: Fabian, Štefan
Formato: Capítulo de libro
Lenguaje:eslovaco
Materias:
Etiquetas: Agregar Etiqueta
Sin Etiquetas, Sea el primero en etiquetar este registro!

MARC

LEADER 00000naa a2200000 4500
001 0128404
005 20231207110651.4
041 0 |a slo 
044 |a SK 
245 1 0 |a Konsolidovaná účtovná závierka účtovných jednotiek verejnej a ústrednej správy za rok 2010 a súhrnná účtovná závierka  |c Štefan Fabian 
520 |a Vymedzenie konsolidovanej účtovnej závierky v podmienkach verejnej správy podľa zákona o účtovníctve. Metódy a postupy konsolidácie. 
610 2 0 |a závierka účtovná konsolidovaná 
610 2 0 |a postupy účtovné 
610 2 0 |a správa verejná 
610 2 0 |a jednotka účtovná 
100 1 |a Fabian, Štefan